Score 0/14 Timer 02:00
0 Plays Today
Movie Title Answer % Correct
When a Man Loves a _____Woman
95.9%
When Harry Met _____Sally
94.6%
When the Lights Go ____Out
92.1%
Ace Ventura: When _____ CallsNature
85.9%
When Worlds _______Collide
85.5%
I'll Sleep When I'm ____Dead
85.5%
When in ____Rome
83.5%
Movie Title Answer % Correct
Wake Me When It's ____Over
77.5%
When the ____ Meet the GirlsBoys
75.6%
When ____ Ran OutTime
62.2%
When the Cradle _____Falls
49.8%
Dangerous When ___Wet
49.6%
When _________ Ruled the EarthDinosaurs
39.8%
When a ________ CallsStranger
39.4%

Today's Daily Dose

Remove Ads.
Support Sporcle.
Get the best of Sporcle when you Go Orange. This ad-free experience offers more features, more stats, and more fun while also helping to support Sporcle. Thank you for becoming a member.

You're not logged in!

Compare scores with friends on all Sporcle quizzes.
OR
Log In

Show Comments

Extras

Top Quizzes Today


Score Distribution

Your Account Isn't Verified!

In order to create a playlist on Sporcle, you need to verify the email address you used during registration. Go to your Sporcle Settings to finish the process.

Report this User

Report this user for behavior that violates our Community Guidelines.

Details: